| 000 | 00352cam a2200145ua 4500 | ||
|---|---|---|---|
| 041 |
_aeng _h |
||
| 082 |
_a823.308 _bNOR/AU |
||
| 100 | _aAusten, Jane . | ||
| 245 |
_aNorthangen Abbey / _cJane Austen. _hTextual Documents |
||
| 260 |
_aLondon : _bBlackie & Son Ltd , _c1963. |
||
| 300 | _a281 ; . | ||
| 504 | _a | ||
| 942 | _cBK | ||
| 999 |
_c12540 _d12540 |
||